Greatest Philosophers - Statistics

General Stats
  • This quiz has been taken 1,416 times
  • The average score is 12 of 26
Answer Stats
# Answer Hint % Correct
2 Plato Greece
96%
3 Aristotle Greece
92%
16 Socrates Greece
86%
1 Descartes France
74%
9 Kant Germany
74%
5 Confucius China
67%
4 Locke UK
62%
6 Nietzsche Germany
62%
12 Hume UK
54%
10 Hegel Germany
53%
14 Sartre France
51%
22 Camus Algeria
47%
21 Rousseau France
47%
8 Hobbes UK
45%
17 Kierkegaard Denmark
45%
23 Spinoza Holland
43%
7 Pythagoras Greece
33%
20 Mill UK
32%
13 Aquinas Italy
28%
11 Augustine Algeria
27%
25 Epicurus Greece
25%
18 Lao Tzu China
23%
26 Derrida Algeria
19%
24 Diogenes Greece
18%
19 de Beauvoir France
16%
15 Rand Russia
10%
No matching quizzes found
Score Distribution
Percent of People with Each Score
Percentile by Number Answered
Your Score History
You have not taken this quiz